000
00312 a2200133 4500
005
20250708054748.0
020
_a
978-1-8579-9491-9
082
_a
823.914 FER
100
_a
FARRELL, G. T
245
_a
The Siege of Krishnapur
260
_a
Great Britain
_b
Phoenix
_c
1973.
300
_a
314p
_c
19cm
942
_2
ddc
_c
BKS
999
_c
6597
_d
6597